| 000 | 00813nam a22002297a 4500 | ||
|---|---|---|---|
| 001 | 48295 | ||
| 003 | BD-RjUL | ||
| 005 | 20211209054508.0 | ||
| 008 | 160813s1964 bg ||||| |||| 00| 0 ben d | ||
| 020 | _c: Tk 1.50 | ||
| 035 | _a(BD-RjUL)48414 | ||
| 040 |
_aBD-RjUL _bben _cBD-RjUL |
||
| 041 | _aben | ||
| 082 |
_223 _a891.442 _bKHN 1964 |
||
| 100 |
_aখান, মফিজ উদ্দিন _9146229 |
||
| 245 | 1 | 0 |
_aনবারুণ : _bনারী বর্জিত সামাজিক নাটক / _cমফিজ উদ্দিন খান |
| 260 |
_aরাজশাহী : _bএম, ইউ, খান, _c১৯৬৪ |
||
| 300 |
_a৭৩ পৃ. ; _c১৭ সেমি. |
||
| 650 |
_aবাংলা নাটক _9145902 |
||
| 650 |
_aBengali Drama _9146230 |
||
| 942 |
_2ddc _cBK |
||
| 999 |
_c48295 _d48295 |
||